Licensing theory and French parasitic gaps
| Published in: | Studies in natural language and linguistic theory |
|---|---|
| Main Author: | |
| Content type: | Book |
| Published: |
Dordrecht [etc.]:
Kluwer Academic
1991
|
| Series: | Studies in natural language and linguistic theory ; 26 |
| Source: | MPIPL_cat |
| _version_ | 1865139608783683584 |
|---|---|
| author | Tellier, C. |
| author_facet | Tellier, C. |
| author_search | Tellier, C. |
| author_sort | Tellier, C. |
| author_variant | c t ct |
| callnumber-first | 210-Tel/1 |
| callnumber-label | 210-TEL/1 |
| callnumber-raw | 210-TEL/1 |
| callnumber-search | 210-TEL/1 |
| collection_details | MPIPL |
| container_title | Studies in natural language and linguistic theory |
| dedup_id_str | 6a053cb10e5dc7e2690abd7c |
| dewey-hierarchy | 0/[Unassigned]/ |
| dewey-hierarchy_str | 0/[Unassigned]/ |
| first_indexed | 2024-07-08T10:26:47Z |
| format | 0/Buch/ |
| format_str | 0/Buch/ |
| fullrecord | <?xml version="1.0" encoding="UTF-8"?>
<collection xmlns:xsi="http://www.w3.org/2001/XMLSchema-instance" xsi:schemaLocation="http://www.loc.gov/MARC21/slim http://www.loc.gov/standards/marcxml/schema/MARC21slim.xsd" xmlns="http://www.loc.gov/MARC21/slim">
<record>
<leader>00000nam a2200000 ub4500</leader>
<controlfield tag="001">PL0005749</controlfield>
<controlfield tag="003">PLI01000000000000000005665</controlfield>
<controlfield tag="005">00000000000000.0</controlfield>
<controlfield tag="008"> ||| u </controlfield>
<datafield tag="020" ind1=" " ind2=" ">
<subfield code="a">0-7923-1311-9</subfield>
</datafield>
<datafield tag="020" ind1=" " ind2=" ">
<subfield code="a">9780792313113</subfield>
</datafield>
<datafield tag="090" ind1=" " ind2=" ">
<subfield code="a">210-Tel/1</subfield>
</datafield>
<datafield tag="100" ind1="1" ind2=" ">
<subfield code="a">Tellier, C.</subfield>
</datafield>
<datafield tag="245" ind1="0" ind2="0">
<subfield code="a">Licensing theory and French parasitic gaps</subfield>
<subfield code="c">C. Tellier</subfield>
</datafield>
<datafield tag="260" ind1=" " ind2=" ">
<subfield code="a">Dordrecht [etc.]</subfield>
<subfield code="b">Kluwer Academic</subfield>
<subfield code="c">1991</subfield>
</datafield>
<datafield tag="300" ind1=" " ind2=" ">
<subfield code="a">XIV, 213 P.</subfield>
</datafield>
<datafield tag="490" ind1="0" ind2=" ">
<subfield code="a">Studies in natural language and linguistic theory</subfield>
<subfield code="v">26</subfield>
</datafield>
<datafield tag="830" ind1=" " ind2="0">
<subfield code="w">PL0000540</subfield>
</datafield>
<datafield tag="852" ind1=" " ind2=" ">
<subfield code="c">210-Tel/1</subfield>
<subfield code="m">BOOK</subfield>
</datafield>
</record>
</collection>
|
| hierarchy_parent_id | MPIPL_cat.PL0000540 |
| hierarchy_parent_title | Studies in natural language and linguistic theory |
| id | MPIPL_cat.PL0005749 |
| illustrated | Not Illustrated |
| institution | MPIPL_cat |
| institution_str | MPIPL_cat |
| isbn | 9780792313113 0-7923-1311-9 |
| language | und |
| language_str | und |
| last_indexed | 2026-05-14T00:49:57Z |
| merged_child_boolean | 1 |
| online | false |
| online_MPIPL_cat | false |
| online_str | false |
| physical | XIV, 213 P. |
| publishDate | 1991 |
| publishDate_str | 1991 |
| publisher | Kluwer Academic |
| record_format | marc |
| series | Studies in natural language and linguistic theory |
| signature_search | 210-Tel/1 |
| spelling | Tellier, C. Licensing theory and French parasitic gaps C. Tellier Dordrecht [etc.] Kluwer Academic 1991 XIV, 213 P. Studies in natural language and linguistic theory 26 PL0000540 |
| spellingShingle | Tellier, C. Licensing theory and French parasitic gaps Studies in natural language and linguistic theory |
| title | Licensing theory and French parasitic gaps |
| title_full | Licensing theory and French parasitic gaps C. Tellier |
| title_fullStr | Licensing theory and French parasitic gaps C. Tellier |
| title_full_unstemmed | Licensing theory and French parasitic gaps C. Tellier |
| title_search | Licensing theory and French parasitic gaps Studies in natural language and linguistic theory |
| title_short | Licensing theory and French parasitic gaps |
| title_sort | licensing theory and french parasitic gaps c tellier |